| 000 | 00941nam a22002175i 4500 | ||
|---|---|---|---|
| 001 | 161508 | ||
| 003 | ES-MaACL | ||
| 005 | 20240510213344.0 | ||
| 008 | 010306s1864 sp |||| | spa d | ||
| 080 | _a336.1(460)"18" | ||
| 100 | 1 |
_aPastor, Luis María. _989484 |
|
| 245 | 1 | 0 | _aDiscursos pronunciados en el Senado, por... Don Luis María Pastor, ex-ministro de Hacienda, en las sesiones del 9, 10 y 11 de junio de 1864. |
| 260 |
_aMadrid : _b[s.n.], _c1864 ( _fImp. de F.E. a cargo de T. García Navarro) |
||
| 300 |
_a54 p. ; _c20 cm. |
||
| 530 | _aDisponible en formato digital. | ||
| 594 | _aPrecede al tít.: Presupuestos de 1864 a 1865. | ||
| 650 | 0 |
_aHacienda pública- _zEspaña- _yS.XIX _9227084 |
|
| 852 | 4 |
_aES-MaACL _jT-74-F-15 _z- Enc. hol., falto de cub. original _z- Enc. en un vol. facticio |
|
| 856 | 4 |
_uhttp://bdh-rd.bne.es/viewer.vm?id=0000095388&page=1 _zBiblioteca Digital Hispánica |
|
| 999 |
_c161508 _d161508 |
||